| 000 | 00805cam a2200205 4500 | ||
|---|---|---|---|
| 005 | 20220328103033.0 | ||
| 008 | 220328b mx ||||| |||| 00| 0 spa d | ||
| 020 | _a9683695299 | ||
| 050 | 0 | 4 |
_aHQ767.15 _bC66 2001 |
| 245 | 0 | 0 |
_aControversias sobre el aborto _c/ compiladora Margarita M. Valdés. |
| 250 | _a1a ed. | ||
| 260 |
_aMéxico : _bUniversidad Nacional Autónoma de México, Instituto de investigaciones Filosóficas ; _bFondo de Cultura Económica, _c2001. |
||
| 300 |
_a284 p. ; _c21 cm. |
||
| 490 | 0 |
_aSección de obras de filosofía. _aProblemas de ética práctica. |
|
| 504 | _aBibliografía : p. 275-282 e índice. | ||
| 650 | 7 |
_2lemb _aAborto _xAspectos morales y éticos |
|
| 650 | 7 |
_2lemb _aAborto _xHistoria |
|
| 700 | 1 |
_aValdés, Margarita M., _ecompilador |
|
| 942 |
_2lcc _cLIB |
||
| 999 |
_c95344 _d95344 |
||